|
|
|
|
| LEADER |
00000nab a2200000 a 4500 |
| 001 |
vtls008163279 |
| 003 |
SK-MaSNL |
| 005 |
20260304144648.0 |
| 008 |
250505c2005 xo mr|p|||||||000 b|slo |
| 015 |
|
|
|a SNBRB2005/06
|2 snkbucl
|
| 035 |
|
|
|a (uuid)7950c290-e9a5-47b7-9136-a780b24cc057
|
| 035 |
|
|
|a urn:nbn:sk:snk-ab24zi
|
| 035 |
|
|
|a (urnnbn)urn:nbn:sk:snk:ar-a01o0y
|
| 038 |
|
|
|a SNKBUCL
|
| 040 |
|
|
|a SNKBUCL
|b slo
|c SNKBUCL
|e AACR2
|
| 041 |
0 |
|
|a slo
|
| 044 |
|
|
|a xo
|c SK
|
| 080 |
|
|
|a 336.712
|x (437.6)
|x (091)
|2 1997
|
| 100 |
1 |
|
|a Leková, Andrea
|4 aut
|9 562993
|
| 245 |
1 |
0 |
|a Bratislavská obchodná a úverná banka
|c Andrea Leková
|
| 610 |
2 |
7 |
|a Bratislavská obchodná a úverná banka (Bratislava, Slovensko)
|x dejiny
|2 snkbucl
|9 1466444
|
| 773 |
0 |
|
|t Biatec
|g Roč. 13, č. 6 (2005), s. 31
|x 1335-0900
|
| 850 |
|
|
|a Slovenská národná knižnica
|
| 852 |
|
|
|a Slovenská národná knižnica
|
| 954 |
|
|
|a odborná, vedecká literatúra pôvodná (slovenská)
|2 lita
|
| 958 |
|
|
|a article2022
|
| 958 |
|
|
|a OND
|
| 958 |
|
|
|a EUIPO
|
| 999 |
|
|
|c 2932467
|d 2934397
|